Tâm lí học Vygosky Khảo cứu, ghi chép, tóm tắt, bình luận, dịch thuật

Uloženo v:
Podrobná bibliografie
Hlavní autor: Phạm Minh Hạc
Médium: Kniha
Jazyk:Undetermined
Vydáno: Hà Nội Giáo Dục 1997
Témata:
Tagy: Přidat tag
Žádné tagy, Buďte první, kdo otaguje tento záznam!
Thư viện lưu trữ: Trung tâm Học liệu Trường Đại học Cần Thơ
LEADER 00570nam a2200181Ia 4500
001 CTU_29648
008 210402s9999 xx 000 0 und d
082 |a 150.92 
082 |b H101/T 
100 |a Phạm Minh Hạc 
245 0 |a Tâm lí học Vygosky 
245 0 |b Khảo cứu, ghi chép, tóm tắt, bình luận, dịch thuật 
245 0 |c Phạm Minh Hạc 
260 |a Hà Nội 
260 |b Giáo Dục 
260 |c 1997 
650 |a philosophy, russian,psychologists - russia 
980 |a Trung tâm Học liệu Trường Đại học Cần Thơ